| 000 | 00649nam a2200181 i 4500 | ||
|---|---|---|---|
| 001 | 142303 | ||
| 003 | ES-MaACL | ||
| 005 | 20250906063117.0 | ||
| 007 | t| | ||
| 008 | 071004s1957 sp ||||1| spa d | ||
| 100 | 1 |
_aVilla Rodríguez, Luciano de la, _dca. 1905-1997 _9114892 |
|
| 245 | 1 | 4 |
_aLos prematuros _b: (etiología, mortalidad, fisiopatología, clínica y tratamiento) / _cpor Luciano de la Villa Rodríguez ; prólogo Ciriaco Laguna. |
| 260 |
_aMadrid : _bPaz Montalvo, _c1957. |
||
| 300 |
_a143 p. : _bil. ; _c24 cm. |
||
| 700 | 1 |
_aLaguna, Ciriaco. _969619 |
|
| 852 |
_aES-MaACL _jC-13252 _bR.40664 |
||
| 999 |
_c142303 _d142303 |
||